| 000 | 01548nam a2200241Ia 4500 | ||
|---|---|---|---|
| 999 |
_c38184 _d38184 |
||
| 001 | 4174 | ||
| 003 | GE_BSU | ||
| 005 | 20190930114935.0 | ||
| 008 | 181216s2007||||ge |||||||||||||| ||geo|| | ||
| 040 | _cGE_BSU | ||
| 041 | _ageo | ||
| 080 | _a39(479.22) კ–89 | ||
| 245 |
_aკულტუროლოგიური და ისტორიულ-ეთნოლოგიური ძიებანი საქართველოში : _bN 2 / _cრედაქტორი ნუგზარ მგელაძე. |
||
| 264 |
_a ბათუმი : _bშოთა რუსთაველის სახელმწიფო უნივერსიტეტი, _c2007. |
||
| 300 |
_a163 გვ. ; _b20 სმ. |
||
| 500 | _aეძღვნება გამოჩენილი ქართველი მეცნიერის, პროფესორ ალექსი რობაქიძის დაბადებიდან 90 წლისთავს | ||
| 600 |
_aრობაქიძე, ალექსი _94139 |
||
| 653 | _aეთნოლოგია | ||
| 653 | _aისტორია | ||
| 700 |
_aმგელაძე, ნუგზარ _eრედაქტორი _91897 |
||
| 710 |
_aშოთა რუსთაველის სახელმწიფო უნივერსიტეტი _bნიკო ბერძენიშვილის ინსტიტუტი ; ბათუმის ეთნოლოგთა საზოგადოება. _94384 |
||
| 942 |
_cBK _2udc |
||